000 01028nam a22003377a 4500
001 BR7804628
003 BR-BrBNA
005 20230928085656.0
007 ta
008 230509b bl.||||| |||| 00| 0 por d
040 _aBR-BrBNA
_bpor
_cBiblioteca Nacional de Agricultura
041 _a(Eng)
072 _aE70; E10
_b/G514
090 _ E70 BR7804628
110 1 _aBrascan Administracao e Investimentos Ltda, Rio de Janeiro, RJ (Brasil)
_91285
245 1 _aProject Gma. Opportinities in agri-busines in Brazil. v. 3: Summary of findings-low priority productos [Comercio exterior; Comercio interno; Consumo; Brasil]
260 3 _aRio de Janeiro, RJ (Brasil):
_c1978.
300 _a320 p.
500 _a40 graphs
650 _aComercializacao
650 _aMacroeconomia
650 _aComercio exterior
650 _aComercio interno
650 _aMercado
650 _aDemanda
650 _aConsumo
650 _aPreco
650 _aInvestimento
909 _a202309
_bLucia
_c55
_dLucia Elande
942 _cBK
999 _c25714
_d25714